| 000 | 00810cam a2200253 4500 | ||
|---|---|---|---|
| 001 | ##L132981 | ||
| 002 | ##9923 | ||
| 008 | 060329n2006 000 0 eng u | ||
| 020 | _a1859461980 | ||
| 035 | _a(Sirsi) u132981 | ||
| 041 | 0 | _aeng | |
| 050 | 0 | 4 | _a692.2 $2 18 |
| 110 | 2 |
_aBuilding Performance Group _93984 |
|
| 245 | 0 | 0 |
_aGuide to Part F of the Building Regulations _bventilation 2006 edition |
| 260 |
_aLondon _bNBS _c2006 |
||
| 300 |
_av, 47p. _c30cm. |
||
| 350 | _a15 | ||
| 520 | _aProvides guidance for designers on complying with the revised Part F. Includes a glossary of terms. Tables. | ||
| 590 | _aIKA050906, KA | ||
| 650 | 2 | 4 | _aBUILDING REGULATIONS 2000 APPROVED DOCUMENT F (2006 EDITION) |
| 651 | 4 |
_aEngland and Wales _y1543- |
|
| 690 |
_aBuilding regulations _96224 |
||
| 942 | _n0 | ||
| 999 |
_c105298 _d105298 |
||